[Event "CZE-chT1W 1819"]
[Site "Czech Republic"]
[Date "2019.02.17"]
[Round "8.7"]
[White "Stastny, Jan"]
[Black "Vokoun, Jan"]
[Result "1-0"]
[WhiteElo "2239"]
[BlackElo "2143"]
[PlyCount "47"]
[EventDate "2018.10.21"]
[EventType "team-tourn"]
[EventRounds "11"]
[EventCountry "CZE"]
[SourceTitle "CBM 189 Extra"]
[Source "ChessBase"]
[SourceDate "2019.06.03"]
[SourceVersion "1"]
[SourceVersionDate "2019.06.03"]
[SourceQuality "1"]
[WhiteTeam "Neratovice"]
[BlackTeam "Pankrac"]
[WhiteTeamCountry "CZE"]
[BlackTeamCountry "CZE"]

1. e4 d6 2. d4 Nf6 3. Nc3 g6 4. f4 c5 5. dxc5 Qa5 6. cxd6 Nxe4 7. Qd4 Nxc3 8. Qxh8 Ne4+ 9. c3 Nf6 10. dxe7 Kxe7 11. Nf3 Nc6 12. f5 Bxf5 13. Bg5 Re8 14. Qxf6+ Kd7+ 15. Be2 Rxe2+ 16. Kxe2 Qb5+ 17. Ke1 Be6 18. Rd1+ Kc7 19. Nd4 Nxd4 20. Bf4+ Kc6 21. Qxd4 Bc5 22. Qe4+ Kb6 23. b4 Bf8 24. Qe5 1-0

[Event "CZE-chT2C 1819"]
[Site "Czech Republic"]
[Date "2019.02.10"]
[Round "8.4"]
[White "Marsalek, Zdenek"]
[Black "Vokoun, Jan"]
[Result "1-0"]
[WhiteElo "2236"]
[BlackElo "2143"]
[PlyCount "99"]
[EventDate "2018.10.14"]
[EventType "team-tourn"]
[EventRounds "11"]
[EventCountry "CZE"]
[SourceTitle "EXT 2022"]
[Source "ChessBase"]
[SourceDate "2021.10.06"]
[SourceVersion "1"]
[SourceVersionDate "2021.10.06"]
[SourceQuality "1"]
[WhiteTeam "Bakov nad Jizerou"]
[BlackTeam "Pankrac II"]
[WhiteTeamCountry "CZE"]
[BlackTeamCountry "CZE"]

1. d4 Nf6 2. Nf3 b6 3. g3 Bb7 4. Bg2 c5 5. 0-0 cxd4 6. Qxd4 Nc6 7. Qf4 g6 8. c4 Bg7 9. Nc3 Rc8 10. Rb1 Qc7 11. Qxc7 Rxc7 12. Bg5 Rc8 13. Rfd1 h6 14. Bxf6 Bxf6 15. Nd5 Bg7 16. Nd2 e6 17. Ne4 exd5 18. Nd6+ Ke7 19. Nxb7 dxc4 20. Nd6 Rc7 21. Nxc4 Nd4 22. Ne3 Kd8 23. Kf1 Re8 24. Rd2 Ne6 25. Rbd1 Nf8 26. Nd5 Rc5 27. a3 h5 28. Bh3 f5 29. e3 Be5 30. Kg1 Rc4 31. Bf1 Rc6 32. Nb4 Rc5 33. Na6 Rc8 34. Bb5 Re7 35. Nb4 Rc5 36. Nc6+ Ke8 37. Nxe7 Rxb5 38. Nc8 Rxb2 39. Nxa7 Rb3 40. Rd3 Rb2 41. Rd5 Bb8 42. Nb5 Ke7 43. Kg2 Rc2 44. Rb1 Ra2 45. Rd3 Ne6 46. Nc3 Rc2 47. Nd5+ Kf7 48. Rxb6 Ba7 49. Rb5 Nc5 50. Rc3 1-0

[Event "CZE-chT2C 1819"]
[Site "Czech Republic"]
[Date "2018.10.14"]
[Round "1.4"]
[White "Hejda, Antonin"]
[Black "Vokoun, Jan"]
[Result "1/2-1/2"]
[WhiteElo "1941"]
[BlackElo "2143"]
[PlyCount "20"]
[EventDate "2018.10.14"]
[EventType "team-tourn"]
[EventRounds "11"]
[EventCountry "CZE"]
[SourceTitle "EXT 2022"]
[Source "ChessBase"]
[SourceDate "2021.10.06"]
[SourceVersion "1"]
[SourceVersionDate "2021.10.06"]
[SourceQuality "1"]
[WhiteTeam "Lysa nad Labem IV"]
[BlackTeam "Pankrac II"]
[WhiteTeamCountry "CZE"]
[BlackTeamCountry "CZE"]

1. c4 e5 2. Nc3 d6 3. g3 Nc6 4. Bg2 g5 5. d3 Bg7 6. e4 Nd4 7. Nf3 h6 8. Nxd4 exd4 9. Ne2 Ne7 10. h4 Ng6 1/2-1/2

[Event "Olomouc IM-A 21st"]
[Site "Olomouc"]
[Date "2018.08.13"]
[Round "4"]
[White "Kavcic, Zan"]
[Black "Vokoun, Jan"]
[Result "1-0"]
[WhiteElo "2349"]
[BlackElo "2129"]
[PlyCount "115"]
[EventDate "2018.08.11"]
[EventType "tourn"]
[EventRounds "9"]
[EventCountry "CZE"]
[EventCategory "1"]
[SourceTitle "CBM 186 Extra"]
[Source "ChessBase"]
[SourceDate "2018.08.24"]
[SourceVersion "1"]
[SourceVersionDate "2018.08.24"]
[SourceQuality "1"]

1. e4 e5 2. Nf3 Nc6 3. Bb5 g6 4. d4 exd4 5. Bg5 Be7 6. Bxe7 Qxe7 7. 0-0 Qb4 8. Bxc6 dxc6 9. Qxd4 Qxd4 10. Nxd4 Bd7 11. Nc3 0-0-0 12. Rad1 Ne7 13. Rd2 c5 14. Nde2 Be6 15. Rfd1 Rxd2 16. Rxd2 Re8 17. f4 b6 18. Kf2 Nc6 19. a3 Na5 20. b3 Bd7 21. e5 Bc6 22. Nd5 h6 23. Nf6 Re6 24. h4 h5 25. Ng1 Nb7 26. Nh3 a5 27. Ng5 Re7 28. Ng8 Re8 29. Nh6 Nd8 30. Nhxf7 Nxf7 31. Nxf7 a4 32. bxa4 Bxa4 33. g3 Bd7 34. Ke3 Rf8 35. Ng5 Bf5 36. Re2 Kd7 37. Kd2 Ra8 38. Re3 b5 39. Kc1 Kc6 40. e6 Re8 41. Nf7 Bxe6 42. Ne5+ Kd6 43. Nxg6 b4 44. Kb2 Ra8 45. Rd3+ Kc6 46. axb4 cxb4 47. f5 Ba2 48. f6 Kb5 49. Rb3 c5 50. f7 c4 51. f8Q c3+ 52. Kc1 Rxf8 53. Nxf8 Bxb3 54. cxb3 Kc5 55. Ne6+ Kd5 56. Nf4+ Ke4 57. Nxh5 Kf5 58. Nf4 1-0

[Event "Pardubice op rapid 29th"]
[Site "Pardubice"]
[Date "2018.07.19"]
[Round "6"]
[White "Alekseev, Mikhail1111"]
[Black "Vokoun, Jan"]
[Result "0-1"]
[WhiteElo "1832"]
[BlackElo "2124"]
[PlyCount "112"]
[EventDate "2018.07.18"]
[EventType "swiss (rapid)"]
[EventRounds "9"]
[EventCountry "CZE"]
[SourceTitle "CBM 185 Extra"]
[Source "ChessBase"]
[SourceDate "2018.07.29"]
[SourceVersion "1"]
[SourceVersionDate "2018.07.29"]
[SourceQuality "1"]

1. e4 Nc6 2. Nf3 d6 3. d4 g6 4. Bd3 Bg7 5. c3 e5 6. Bb5 Bd7 7. 0-0 Nge7 8. dxe5 dxe5 9. Bg5 f6 10. Be3 Be6 11. Qa4 a6 12. Rd1 Qc8 13. Bxc6+ Nxc6 14. Bc5 Kf7 15. Nbd2 Nd8 16. Nf1 b6 17. Be3 Nb7 18. Qc2 Qe8 19. c4 Qc6 20. Rac1 Bf8 21. N3d2 a5 22. Nb1 Bd6 23. b3 Rhd8 24. Nc3 Ba3 25. Rb1 Bb4 26. Nd5 Bc5 27. Rd2 Bd6 28. Rbd1 Rd7 29. Ng3 Rad8 30. Ne2 Nc5 31. Nec3 Na6 32. Nb5 Nb4 33. Nxd6+ Rxd6 34. Nxb4 axb4 35. Rxd6 cxd6 36. Qd2 b5 37. cxb5 Qxb5 38. Rc1 Rd7 39. Qc2 f5 40. exf5 Bxf5 41. Qc4+ Qxc4 42. Rxc4 Bb1 43. Rxb4 Bxa2 44. Kf1 d5 45. Ra4 Bxb3 46. Ra7 Rxa7 47. Bxa7 Bc4+ 48. Ke1 Ke6 49. Bb8 d4 50. Kd2 Bf1 51. g3 Bc4 52. f4 e4 53. Be5 Kd5 54. Bg7 e3+ 55. Ke1 d3 56. Bc3 Ke4 0-1